Vista normal
Vista MARC
- Villatoro López, Jorge Luis
Entrada Nombre personal
Número de registros utilizados en: 1
001 - NÚMERO DE CONTROL
- campo de control: 11790
003 - IDENTIFICADOR DE NÚMERO DE CONTROL
- campo de control: gtgcusco
005 - FECHA Y HORA DE LA ÚLTIMA TRANSACCIÓN
- campo de control: 20250331114657.0
008 - ELEMENTOS DE DATO DE LONGITUD-FIJA
- campo de control de longitud fija: 250331|| aca||aabn | a|a d
040 ## - FUENTE DE CATALOGACIÓN
- Centro catalogador/agencia de origen: gtgcusco
- Centro/agencia transcriptor: gtgcusco
100 ## - ENCABEZAMIENTO-NOMBRE DE PERSONA
- Nombre de persona: Villatoro López, Jorge Luis
670 ## - FUENTE DE DATOS ENCONTRADOS
- Cita de la fuente: Work cat.: (gtgcusco)4714: Rodríguez Tobar, Lyla Donhaji 11789, Estudio comparativo entre pacientes que utilizan prótesis parcial removible de cromo cobalto muco soportadas, que en sus unidades estructurales contengan como conector mayor paladar completo, parcial o modificado; y pacientes que utilicen prótesis total de acrílico termopolimerizable prensado, que hayan sido colocadas en la Facultad de Odontología de la USAC durante los años de 1999-2001, para determinar la frecuencia de candidosis entre ambas prótesis., 2002

